Postavenie eura ako meny v medzinárodnom menovom systéme

Dôvody vzniku eura. Súčasné problémy eurozóny a zachovanie si postavenia eura v medzinárodnom menovom systéme. Vývoj výmenného kurzu eura za posledných 10 rokov k aprílu 2013. Obchodovanie medzi menami. Prehľad ponuky a dopytu pri obchodovaní mien. Intervencie, ktoré volajú po zavedení novej globáln...

Ausführliche Beschreibung

Gespeichert in:
Bibliographische Detailangaben
1. Verfasser: Vargová, Andrea
Format: Buchkapitel
Sprache:Slowakisch
Schlagworte:
Tags: Tag hinzufügen
Keine Tags, Fügen Sie das erste Tag hinzu!

MARC

LEADER 00000nla a2200000 4500
001 0175500
005 20240502073008.1
041 0 |a slo 
044 |a SK 
245 1 0 |a Postavenie eura ako meny v medzinárodnom menovom systéme  |c Andrea Vargová 
520 |a Dôvody vzniku eura. Súčasné problémy eurozóny a zachovanie si postavenia eura v medzinárodnom menovom systéme. Vývoj výmenného kurzu eura za posledných 10 rokov k aprílu 2013. Obchodovanie medzi menami. Prehľad ponuky a dopytu pri obchodovaní mien. Intervencie, ktoré volajú po zavedení novej globálnej meny. 
610 2 0 |a euro 
610 2 0 |a eurozóna 
610 2 0 |a systém menový medzinárodný 
610 2 0 |a kurz devízový 
100 1 |a Vargová, Andrea